Book of Abstracts 13th International Conference on Contemporary Issues in Management CIM2025/ (Record no. 212865)

MARC details
000 -LEADER
fixed length control field 00664nam a2200193 4500
005 - DATE AND TIME OF LATEST TRANSACTION
control field 20250804160054.0
010 ## - LCCN (DPL NO)
LC control number ENG-146293
020 ## - INTERNATIONAL STANDARD BOOK NUMBER
International Standard Book Number 9789361637766
Terms of availability 275.00
035 ## - SYSTEM CONTROL NUMBER
System control number EN-129825
037 ## - SOURCE OF ACQUISITION
Source of stock number/acquisition DBAD
082 ## - DEWEY DECIMAL CLASSIFICATION NUMBER
Classification number 658.404
Edition number 1
245 ## - TITLE STATEMENT
Title Book of Abstracts 13th International Conference on Contemporary Issues in Management CIM2025/
Statement of responsibility, etc Edited By Rony George Kurien
250 ## - EDITION STATEMENT
Edition statement 1
260 ## - PUBLICATION, DISTRIBUTION, ETC. (IMPRINT)
Place of publication, distribution, etc Madurai
Name of publisher, distributor, etc Shanlax Publications
Date of publication, distribution, etc 2025
270 ## - ADDRESS
Address 61,66 Vasantha Nagar
City Madurai
Postal code 625003
Electronic mail address shanlaxpublications@gmail.com
300 ## - PHYSICAL DESCRIPTION
Extent 150p.
Dimensions 25cm(Pb)
700 ## - ADDED ENTRY--PERSONAL NAME
Personal name Kurien, Rony George
Relator term Editor
9 (RLIN) 83709
942 ## - ADDED ENTRY ELEMENTS (KOHA)
Source of classification or shelving scheme Dewey Decimal Classification
Item type English Books
Classification part 658.404
Call number suffix BOO
Holdings
Withdrawn status Lost status Not for loan Collection code Home library Current library Date acquired Source of acquisition Cost, normal purchase price Full call number Barcode Copy number Cost, replacement price Koha item type
    Not For Loan Non-fiction D.B.Act.Division D.B.Act.Division 04/08/2025 Delivery of Books Act Division 275.00 658.404 BOO EN-129825 1 275.00 English Books

© Delhi Public Library
Hit Counter
free hit counter